Sudden Death: Catholic Ecumenical Councils - Statistics

General Stats
  • This quiz has been taken 40 times
  • The average score is 7 of 12
Answers on the Grid
Answers color-coded by a green-red scale on the quiz's grid according to % correct below.
Alexandria
Antioch
Chalcedon
Constantinople I
Constantinople III
Ephesus I
Ephesus II
Jerusalem
Lateran I
Lateran V
Milan
Naples
Nicaea I
Nicaea II
Paris
Quinisext
Rome
Smyrna
Trent
Vatican I
Vatican II
Venice
Vienna
Vienne
 
Answer Stats
Answer % Correct
Chalcedon
70%
Vatican II
70%
Vatican I
70%
Ephesus I
60%
Nicaea I
60%
Trent
60%
Constantinople I
57%
Lateran I
53%
Constantinople III
50%
Nicaea II
50%
Lateran V
40%
Vienne
27%
No matching quizzes found
Score Distribution
Percent of People with Each Score
Percentile by Number Answered
Your Score History
You have not taken this quiz